000 00337nam a2200133Ia 4500
005 20251222152716.0
008 251222s9999||||xx |||||||||||||| ||spa||
020 _a8489167478
082 _a635/M61
100 _aMinisterio de Educación y Ciencia
245 0 _aSanidad II
264 _bMinisterio de Educación y ciencia
942 _cLIB
999 _c29413
_d29413